000
00318nam a22001457a 4500
008
210607b ||||| |||| 00| 0 eng d
020
_a
9780963617897
041
_a
eng
080
_a
37
082
_a
37
100
_a
46
101
_a
EDU
245
_a
The Chapanis Chronicles
_c
Alphones Chapanis
942
_2
udc
_c
BK
999
_c
57988
_d
57988